| 000 | 00925nam a2200301 a 4500 | ||
|---|---|---|---|
| 001 | 000044259 | ||
| 003 | DO-SdBNP | ||
| 005 | 20180402130625.0 | ||
| 007 | 000044259 | ||
| 008 | 110921s2007 dr a 000 0 spa d | ||
| 020 | _a9789945406627 | ||
| 040 |
_aBPMSU _bspa _cBPMSU |
||
| 082 |
_a843.8 _bV531v |
||
| 100 | 1 |
_aVerne, Jules, _d1828-1905 |
|
| 245 | 1 | 0 |
_a20.000 lenguas de viaje submarino / _cJulio Verne ;ilustraciones José Lovera. |
| 246 | 1 | 3 | _aVeinte mil leguas de viaje submarino |
| 260 |
_aSanto Domingo : _bTopogán, _c1994 _g(reimpresión, 2007) |
||
| 300 |
_a163 p. ; _c23 cm. |
||
| 490 | 1 | _aClásicos universales | |
| 650 | 4 | _aNOVELA FRANCESA | |
| 650 | 4 | _aLITERATURA FRANCESA | |
| 700 | 1 |
_aLovera, José. _eil. |
|
| 830 | 0 | _aClásicos universales | |
| 910 | _aValidado. Control de calidad MFF | ||
| 942 |
_2ddc _cBK |
||
| 945 | _ainventariado / DG | ||
| 956 |
_aVMATEO _b10 _c20140611 _lBPMSU _h1201 |
||
| 999 |
_c7440 _d7440 |
||